36-徳島県の市町村クイズ(1999年) - Statistics

General Stats
  • This quiz has been taken 110 times
  • The average score is 31 of 50
Answers on the Map
Answers color-coded by a green-red scale on the quiz's map according to % correct below.
 
Answer Stats
Answer % Correct
鳴門なると
95%
徳島とくしま
90%
阿南あなん
88%
牟岐むぎちょう
83%
神山かみやまちょう
80%
小松島こまつしま
80%
藍住あいずみちょう
78%
石井いしいちょう
78%
板野いたのちょう
78%
上勝かみかつちょう
78%
佐那河内さなごうちそん
78%
勝浦かつうらちょう
76%
北島きたじまちょう
76%
松茂まつしげちょう
76%
上板かみいたちょう
73%
西祖谷山にしいややまそん
71%
東祖谷山ひがしいややまそん
71%
池田いけだちょう
68%
阿波あわちょう
66%
うらちょう
63%
日和佐ひわさちょう
63%
美馬みまちょう
63%
海南かいなんちょう
61%
宍喰ししくいちょう
59%
海部かいふちょう
56%
上那賀かみなかちょう
56%
三加茂みかもちょう
56%
山城やましろちょう
56%
由岐ゆきちょう
56%
相生あいおいちょう
54%
一宇いちうそん
54%
木頭きとうそん
54%
那賀川なかがわちょう
54%
三好みよしちょう
54%
わきまち
54%
鴨島かもじまちょう
51%
木沢きさわそん
51%
木屋平こやだいらそん
51%
土成どなりちょう
51%
三野みのちょう
51%
鷲敷わじきちょう
51%
穴吹あなぶきちょう
49%
貞光さだみつちょう
49%
美郷みさとそん
49%
市場いちばちょう
44%
半田はんだちょう
44%
井川いかわちょう
41%
川島かわしまちょう
41%
吉野よしのちょう
41%
山川やまかわちょう
39%
No matching quizzes found
Score Distribution
Percent of People with Each Score
Percentile by Number Answered
Your Score History
You have not taken this quiz